[Event "Orbis-2 IM 2019"]
[Site "Paracin"]
[Date "2019.07.19"]
[Round "9.2"]
[White "Chen, Peng"]
[Black "Patil, Mitali"]
[Result "1-0"]
[WhiteElo "2328"]
[BlackElo "2009"]
[Annotator "TA"]
[PlyCount "81"]
[EventDate "2019.07.13"]
[EventType "tourn"]
[EventCountry "SRB"]
[SourceTitle "playchess.com"]
[Source "ChessBase"]
[SourceQuality "1"]

{[%evp 23,81,20,36,39,52,31,57,36,74,82,79,83,163,62,165,175,167,173,167,170,201,207,294,301,294,286,287,309,309,296,300,300,299,312,304,291,334,315,361,348,387,341,380,380,406,335,641,639,594,595,1027,995,1233,1219,1120,899,883,859,1278,1274]} 1. e4 e5 2. Nf3 Nc6 3. Bb5 a6 4. Ba4 Nf6 5. d4 exd4 6. O-O Be7 7. Re1 b5 8. Bb3 d6 9. Bd5 Bd7 10. Nxd4 Nxd5 11. Nxc6 Bxc6 12. exd5 Bd7 13. Qe2 {C84: Closed Ruy Lopez: Unusual White 6th moves} Kf8 14. Bd2 $146 ({Predecessor:} 14. Nc3 Bf6 15. Ne4 Qe7 16. a4 bxa4 17. Nxf6 Qxf6 18. Qc4 Rc8 19. Ra3 h5 20. Rae3 Kg8 21. Re7 Qf5 22. Qd4 Kh7 23. Bd2 Rhe8 24. Bc3 Rg8 25. R1e3 Rce8 26. Rxe8 Bxe8 27. Rxe8 {1-0 (27) Cawdery,D (2434)-Mwale,J (2281) Pretoria 2019}) 14... Bg5 15. Ba5 {White is slightly better.} g6 16. Nd2 Kg7 17. Ne4 Re8 (17... Bf4 $16) 18. Qd3 (18. Qf3 $18) 18... Bf5 (18... Bf4 $14) 19. Qc3+ $1 $18 {[%mdl 64] Double Attack} Bf6 20. Nxf6 {[%mdl 64] Discovered Attack} (20. Qxf6+ $6 Qxf6 21. Nxf6 Kxf6 $14) 20... Qxf6 {[#]} 21. Qc6 $1 $36 {[%mdl 2048] Keeping Black busy.} ({Inferior is} 21. Bxc7 Qxc3 22. bxc3 Be4 $11) 21... Kf8 22. Bxc7 Qxb2 (22... Rec8 $142 23. c3 (23. Qxd6+ Qxd6 24. Bxd6+ Kg8 $16) 23... Kg7) 23. Bxd6+ Kg7 {[#]} 24. Qxa8 $1 {[%mdl 64] Deflection} Rxa8 25. Be5+ Qxe5 26. Rxe5 Bxc2 {[%mdl 4096] Endgame KRR-KRB} 27. Rc1 Bd3 28. Rc6 a5 29. d6 Rd8 30. f3 a4 31. a3 Bc4 32. Kf2 Kf6 33. f4 h6 34. h4 h5 $2 (34... Be6 35. Ke3 Bd7) 35. Ke3 {White is clearly winning.} Rd7 36. Kd4 Bf1 37. Kc5 Bxg2 38. Rc7 Rd8 39. d7 Bh3 40. Kd6 Bg4 41. Re8 {Accuracy: White = 67%, Black = 32%.} 1-0

[Event "Orbis-2 IM 2019"]
[Site "Paracin"]
[Date "2019.07.19"]
[Round "9.3"]
[White "Dedebas, Emre Emin"]
[Black "Pikula, Dejan"]
[Result "1/2-1/2"]
[WhiteElo "2301"]
[BlackElo "2447"]
[Annotator "TA"]
[PlyCount "89"]
[EventDate "2019.07.13"]
[EventType "tourn"]
[EventCountry "SRB"]
[SourceTitle "playchess.com"]
[Source "ChessBase"]
[SourceQuality "1"]

{[%evp 16,89,42,42,46,24,32,38,44,39,50,13,100,-31,-13,-37,-23,-69,-21,-28,-23,-75,-79,-143,-105,-169,-118,-177,-151,-160,-72,-66,-11,-11,-13,-20,-16,-49,-45,-52,0,-19,39,23,37,43,106,97,58,71,155,167,137,12,17,0,0,0,0,0,0,0,0,0,0,0,0,0,0,0,0,0,0,0,0,0]} 1. d4 Nf6 2. Nf3 e6 3. c4 c5 4. d5 exd5 5. cxd5 d6 6. Nc3 g6 7. Nd2 Bg7 8. e4 O-O 9. Be2 Ne8 {A72: Modern Benoni: Classical: Lines with Bg5} (9... Re8 10. O-O Na6 11. Kh1 Nc7 12. f3 Nd7 13. a4 b6 14. Nc4 Ne5 15. Bf4 Nxc4 16. Bxc4 a6 17. Qe1 h5 18. h4 Rb8 19. Qg3 Bf8 20. Rfe1 b5 21. e5 dxe5 22. Rxe5 {1-0 (46) Eljanov,P (2739)-Salem,A (2638) Geneva 2017}) 10. h4 f5 $146 ({Predecessor:} 10... Na6 11. h5 Nac7 12. a4 b6 13. Nf1 a6 14. Ng3 Rb8 15. Bf4 b5 16. Qc1 bxa4 17. Rxa4 {1-0 (36) Najer,E (2637)-Kanovsky,D (2462) Czechia 2012}) 11. h5 gxh5 {White is slightly better.} 12. Bxh5 Nf6 13. Be2 Qe7 (13... Nxe4 $11 14. Ncxe4 (14. Ndxe4 fxe4 15. Nxe4 Qe7 $11) 14... fxe4) 14. exf5 (14. e5 $1 $16 {[%cal Re5f6]} dxe5 15. Nf3) 14... Bxf5 $15 15. O-O Nbd7 16. Nc4 Ne5 17. Ne3 Bd7 18. f4 (18. a4 $1 $11) 18... Nf7 $17 19. Bf3 (19. Bd3 $142) 19... b5 20. Re1 (20. Qe2 $17 {is a better defense.}) 20... Rae8 $19 21. Bd2 (21. Re2 $17 {keeps fighting.}) 21... Qd8 $1 22. Qc2 b4 ({Black should try} 22... Nh6 $1 {White must now prevent ...b4.} 23. g3 b4) 23. Ncd1 $17 Nh6 (23... Nh5 $1 $15 24. Bxh5 Qh4) 24. Nf2 $11 Qc8 25. a3 a5 {[%cal Ba7a5,Ba5b4][%mdl 32]} 26. axb4 axb4 27. Ra7 Rf7 (27... Kh8 $15) 28. Rea1 Bf5 (28... Nf5 $11 29. Nxf5 Bxf5) 29. Qd1 $1 $36 {[%mdl 2048] White has good play.} Rxa7 30. Rxa7 Bd7 (30... Kh8 $14) 31. g4 $16 {And now g5 would win.} Rxe3 32. Bxe3 Bxg4 (32... Nfxg4 $142 33. Qa1 Bf8) 33. Nxg4 Nfxg4 {[#]} 34. Bxg4 ({Only move:} 34. Qa4 $1 $16 Bf8 35. Bf2) 34... Nxg4 $11 {The position is equal.} 35. Qa4 {Strongly threatening Ra8!} Bf8 ({Don't go for} 35... Nxe3 $2 {[#]} 36. Ra8 $1 $18 {[%mdl 512]}) 36. Ra8 Qf5 37. Qe8 {Bc1 is the strong threat.} Nxe3 38. Qxe3 Qxd5 {[%mdl 4096] Endgame KQR-KQB} 39. Qg3+ Kf7 40. Ra7+ Be7 41. Qe3 Qe6 42. Qf3 Qf5 43. Kg2 Qc2+ 44. Kh3 {Threatens to win with Qd5+.} Qf5+ 45. Kh2 {Accuracy: White = 38%, Black = 51%.} 1/2-1/2

[Event "Orbis-2 IM 2019"]
[Site "Paracin"]
[Date "2019.07.19"]
[Round "9.4"]
[White "Abramovic, Bosko"]
[Black "Manish Anto Cristiano F"]
[Result "1/2-1/2"]
[WhiteElo "2373"]
[BlackElo "2208"]
[Annotator "TA"]
[PlyCount "144"]
[EventDate "2019.07.13"]
[EventType "tourn"]
[EventCountry "SRB"]
[SourceTitle "playchess.com"]
[Source "ChessBase"]
[SourceQuality "1"]

{[%evp 31,143,0,0,-2,0,0,0,0,0,-8,-8,-12,-17,-109,-102,-109,-83,-109,-109,-45,-45,-110,-110,-110,-110,-110,-110,-242,-242,-242,-108,-242,0,-242,-242,-235,-234,-105,0,0,0,-4,0,0,0,0,0,0,0,0,0,0,0,-8,-8,-8,-8,-8,0,0,0,0,0,0,0,-8,-8,-8,-8,-8,-8,-8,-8,-8,-8,-8,0,-8,0,0,0,-8,-3,-8,0,0,0,0,0,0,0,0,0,0,0,0,0,0,0,0,0,0,0,0,0,0,0,0,0,0,0,0,0,0]} 1. c4 c5 2. Nc3 Nc6 3. g3 g6 4. Bg2 Bg7 5. e3 e6 6. Nge2 Nge7 7. O-O d5 8. cxd5 Nxd5 9. Nxd5 exd5 10. d4 cxd4 11. Nxd4 Nxd4 12. exd4 O-O 13. Be3 Be6 14. Qb3 Qb6 15. Bxd5 Bxd5 16. Qxd5 Rfd8 17. Qc5 {A36: Symmetrical English vs ...g6: 4 Bg2 Bg7} Bxd4 18. Bxd4 Rxd4 19. Qxb6 axb6 $11 {[%mdl 4096] Endgame KRR-KRR} 20. Rfc1 Rd2 21. Rc7 Rxb2 22. Rxb7 {[#]} (22. a4 $11 {keeps the balance.}) 22... Ra3 $146 ({Don't play} 22... Rbxa2 $6 23. Rxa2 Rxa2 24. Rxb6 $11) ({Predecessor:} 22... Rd8 23. a4 Rdd2 24. Rf1 Rd5 {½-½ (34) Flores,D (2600)-Alonso,S (2521) Montevideo 2013}) 23. Kg2 b5 24. h4 h5 25. Rb6 Kg7 26. Rd6 ({White should try} 26. Rb7 $15) 26... Raxa2 27. Rxa2 Rxa2 {KR-KR} 28. Rb6 Rb2 29. Kh3 (29. Kf3 $17) 29... b4 $19 ({But not} 29... Rxf2 30. Rxb5 Kf6 31. Rb4 $17) 30. Kg2 Kf8 (30... b3 $19 31. Kf3 Rb1) 31. Rb7 (31. Kf3 $17) 31... Kg7 32. Rb6 $1 b3 33. Kf3 Rb1 34. Kf4 Kf8 (34... f6 $17 35. Rb7+ Kf8) 35. Kg5 $11 {The position is equal.} Rb2 36. f4 Kg7 37. f5 gxf5 38. Kxf5 Rf2+ 39. Kg5 Rf3 40. g4 hxg4 41. Kxg4 Rc3 42. h5 Rc4+ 43. Kg3 Rc5 44. Kg4 Rc3 45. Kf4 Kh7 46. Kg4 Kg7 47. Kf4 Rc5 48. Kg4 f6 49. Rxb3 Rg5+ 50. Kf4 Rxh5 51. Rg3+ Kf7 52. Ra3 Kg6 53. Rg3+ Kf7 54. Ra3 Rh4+ 55. Kf5 Rh5+ 56. Kf4 Ke6 57. Re3+ Re5 58. Rxe5+ fxe5+ {KP-K} 59. Ke4 Kf6 60. Ke3 Kf5 61. Kf3 e4+ 62. Ke3 Ke5 63. Ke2 Ke6 (63... Kd4 $5) 64. Ke3 Kd5 65. Ke2 Kd4 66. Kd2 e3+ 67. Ke2 Ke4 68. Ke1 Kd5 (68... Kd3 $5 69. Kd1 $8 Ke4 $11) 69. Ke2 Kd4 70. Ke1 Kd3 {[#] ( -> ...e2)} 71. Kd1 e2+ 72. Ke1 Ke3 {Accuracy: White = 54%, Black = 71%.} 1/2-1/2